000 00439nam a2200157 i 4500
001 129819
003 ES-MaACL
005 20230906193602.0
007 t|
008 070706s1970 sp ||||1| baq d
100 1 _aZubicaray, Agustín de.
_9118397
245 1 0 _aBizi garratza
_b: mendu Zaharrak /
_cAgustin Zubikarai.
260 _aDonostia :
_b[Izarra],
_c1970.
300 _a120 p. ;
_c18 cm.
852 _aES-MaACL
_jC-48192
_bR.74378
999 _c129819
_d129819